South Eastern Kenya University

Library Online Public Access Catalogue


Biochemistry (Record no. 2072)

MARC details
000 -LEADER
fixed length control field 00411nam a22001697a 4500
020 ## - ISBN
International Standard Book Number 007231592
050 ## - LIBRARY OF CONGRESS CALL NUMBER
Classification Number QD 415
Item Number .M36 2003
100 ## - MAIN ENTRY--Author
Personal name McKee Trudy
245 ## - TITLE
Title Biochemistry
Remainder of title The molecular basis of life
250 ## - EDITIONSTATEMENT
Edition statement 3rd ed.
260 ## - PUBLICATION, DISTRIBUTION, ETC.(IMPRINT)
Place of publication, distribution, etc Boston:
Name of publisher, distributor, etc Mc Graw Hill,
Date of publication, distribution, etc 2003.
300 ## - PHYSICAL DESCRIPTION
Extent xxi,771p.
500 ## - GENERALNOTE
General note Includes appendix.
650 ## - SUBJECT--TOPIC
General subdivision biochemistry
700 ## - ADDED ENTRY--PERSONAL AUTHOR
Personal Name McKee R.James
942 ## - ADDED ENTRY ELEMENTS(KOHA)
Koha item type General circulation
Holdings
Source of classification or shelving scheme Not for loan Location (home branch) Sublocation (holding branch) Date accessioned Cost, normal purchase price Full call number Barcode Cost, replacement price Koha item type Public note Shelving location Nonpublic note
Library of Congress Classification   Main Campus Library Main Campus Library 27/08/2014 7800.00 QD 415 .M36 2003 2019/022641 8300.00 General circulation jm    
Library of Congress Classification   Main Campus Library Main Campus Library 27/08/2014 7800.00 QD 415 .M36 2003 2019/022642 8300.00 General circulation jm Non-fiction  
Library of Congress Classification   Main Campus Library Main Campus Library 28/08/2014 7800.00 QD 415 .M36 2003 2019/022643 8300.00 General circulation Rono   Rono
Kitui, Kenya.
+254736116989
library@seku.ac.ke